000 00666nam a2200229 a 4500
001 16876
003 CO-ViMGA
008 141112s2004 ck r 000 u spa d
020 _a9700514463
040 _aCO-ViMGA
_bspa
_cCO-ViMGA
082 0 4 _a787.61 V341m
100 1 _aVega,
_911879
245 1 0 _aMetodo elemental de Guitarra . Las canciones mas populares en América Latina
260 _aMexico,
_cGrijalbo,
_c2002
300 _a2 Vol.
500 _aen coleccion V. 2
590 _aForma de adquisición : Premio - Mincultura
650 1 4 _aCANCIONES POPULARES
_911881
650 1 4 _aGUITARRA - MANUALES
_911880
650 1 4 _aMUSICA
_91253
942 _2ddc
_cBK
999 _c26514
_d26514